000 00636nam a2200181 a 4500
001 000034637
005 20240305081128.0
008 101006s1990 dr 000 0 spa d
040 _aDO-SdBNP
_bspa
_cBNPHU
082 _axxxx
_bxxxx
100 1 _aHolguín Veras, Miguel A.,
_d1927-2007
_913921
245 1 0 _aJulio Alberto Hernández /
_cMiguel A. Hoguín Veras.
260 _aSanto Domingo :
_bIndustria del sobre,
_c1990.
300 _a100 p.
490 1 _aSembranzas
505 0 _tSembranzas --
_tCronología --
_tComposiciones editadas --
_tCatálogo de sus obras --
_tObras publicadas --
_tDiscografía --
830 0 _aSembranzas
_960071
999 _c34128
_d34128